Stany nad Zatoką Meksykańską z mapą - Statystyki

Ogólne statystyki
  • Ten quiz został rozwiązany 112 razy
  • Średni wynik to 4 z 5
Odpowiedzi na mapie
Odpowiedzi zakodowano w zielono-czerwonej skali na mapie do tego quizu, zgodnie z poniższymi procentami.
 
Statystyki odpowiedzi
Stan % Poprawnych
Floryda
100%
Teksas
99%
Luizjana
76%
Alabama
75%
Missisipi
68%
Nie znaleziono quizów pasujących do podanych kryteriów
Rozkład punktacji
Procent ludzi z każdym wynikiem
Percentyl według liczby udzielonych odpowiedzi
Twoja historia wyników
Nie rozwiązałeś tego quizu